| 000 | 00839nam a2200241 a 4500 | ||
|---|---|---|---|
| 003 | DO-SdBNP | ||
| 005 | 20221207124832.0 | ||
| 007 | ta | ||
| 008 | 221207e2012 dr |||gr|||| 00| 0 spa d | ||
| 040 |
_aDO-SdBNP _bspa _cBNPHU |
||
| 082 | 4 |
_222 _bA742h |
|
| 100 | 1 |
_918296 _aArnaiz, Fco. José, _d1941- |
|
| 240 |
_aBiblia _lspa |
||
| 245 | 1 | 0 |
_aHechos de los Apóstoles. / _cFco. José Arnaiz |
| 264 |
_aSanto Domingo : _bAmigo del Hogar, _c2012 |
||
| 300 |
_a15 p. ; _c20 cm. |
||
| 500 | _aTomado de Pensamiento y vida del Periódico Listín Diario, sábado 5 de mayo de 2012. | ||
| 590 | _aInventariado 2022 / MF | ||
| 650 | 4 |
_94419 _aBiblia _vHechos de Los Apóstoles _xCrítica e Interpretación, etc. |
|
| 650 | 4 |
_922830 _aJesucristo _xHistoria de Las Doctrinas _xIglesia Primitiva. c.a.30- 600 |
|
| 910 | _aMFeliz | ||
| 942 |
_2ddc _cLBS1 |
||
| 999 |
_c53082 _d53082 |
||